| 000 | 00449 a2200157 4500 | ||
|---|---|---|---|
| 999 |
_c30255 _d30255 |
||
| 003 | NUST | ||
| 005 | 20180118114853.0 | ||
| 008 | 180118b xxu||||| |||| 00| 0 eng d | ||
| 020 | _a047074376X | ||
| 020 | _a9780470743768 | ||
| 082 | _a620.001511313 | ||
| 100 | 1 |
_aRoss, Timothy J. _98632 |
|
| 245 | 1 | 0 |
_aFuzzy logic with engineering applications, third edition / _cTimothy J. Ross. |
| 250 | _a2nd ed. | ||
| 260 |
_aIndia _bWiley (S. B. Printers), _c2005. |
||
| 300 |
_axxi, 585 _c25 cm. |
||
| 942 |
_aSNS _cBK _k520.001511313 ROS _2ddc |
||